| 000 | 00658nam a22001937a 4500 | ||
|---|---|---|---|
| 003 | 0 | ||
| 005 | 20241011142754.0 | ||
| 008 | 241011b xxu||||| |||| 00| 0 eng d | ||
| 020 | _a9781032445571 | ||
| 050 |
_aKF 2750 _b.P43 2024 |
||
| 100 |
_aPearson, Mark, _eauthor. |
||
| 245 |
_aThe communicator's guide to media law and ethics : _ba handbook for Australian professionals / _cMark Pearson. |
||
| 260 |
_aNew York, NY : _bRoutledge, _c2024. |
||
| 300 |
_axviii, 392 p. ; _c24 cm. |
||
| 504 | _aIncludes bibliographical references and index. | ||
| 650 |
_aMass media _vlaw & legislation. |
||
| 650 |
_aMass media _vlaw & ethical aspects. |
||
| 942 |
_2lcc _cBK |
||
| 999 |
_c366516 _d366516 |
||